000
00348nam a2200145Ia 4500
003
GCL
008
140319s9999 xx 000 0 ara d
040
_a
GCL /
_c
GCL
082
0
4
_a
كاسيت ق
_b
174
245
1
0
_a
سفر التكوين
260
_a
[S.N] :
_b
لا يوجد
490
_a
650
0
4
_a
الكتاب المقدس
942
_2
ddc
_c
BK
999
_c
34290
_d
34290